Grösste Städte der Schweiz - Whammies - Statistics

General Stats
  • This quiz has been taken 102 times
  • The average score is 8 of 15
Answer Stats
Hint Answer % Correct
1 Zürich
100%
5 Bern
97%
3 Basel
89%
2 Genf
89%
7 Luzern
76%
4 Lausanne
69%
8 St. Gallen
64%
6 Winterthur
54%
14 Freiburg
45%
9 Lugano
45%
10 Biel / Bienne
38%
11 Thun
32%
15 Schaffhausen
24%
12 Bellinzona
12%
13 Köniz
8%
No matching quizzes found
Score Distribution
Percent of People with Each Score
Percentile by Number Answered
Your Score History
You have not taken this quiz